| 000 | 00393cam a2200145ua 4500 | ||
|---|---|---|---|
| 041 |
_aeng _h |
||
| 082 |
_a028.71621 _bPEG/UN |
||
| 100 | _aPeggs, Lawrence A . | ||
| 245 |
_aUnder ground piping handbook / _cA.Lawrence Peggs. _hTextual Documents |
||
| 260 |
_aFlorida : _bRobert E Kreiger Publishing Company , _c1985. |
||
| 300 | _a279 ; . | ||
| 504 | _a | ||
| 942 | _cBK | ||
| 999 |
_c7190 _d7190 |
||